000 00753nas a2200241 4500
001 BR0904192
003 BR-BrBNA
005 20231205113253.0
007 ta
008 230509b bl.|||p| |||| 00| 00por d
040 _aBR-BrBNA
_bpor
_cBiblioteca Nacional de Agricultura
041 _a(Pt)
072 _aP40
100 1 _aDuarte, A.F.
100 1 _aMarcarenhas, M.D.M.
245 1 _aManifestações do bioclima do Acre sobre humana no contexto socioeconômico da Amazônia
650 _aBIOCLIMATOLOGIA
650 _aSAUDE
650 _aAMAZÔNIA
773 0 _tAmazônia Ciência e Desenvolvimento (Brazil)
_xISSN 1809-4058
_g(Jul-Dec 2007), v. 3(5) p. 149-162
_wBR0904192
909 _a202311
_bLúcia
_c55
_dLúcia Elande
942 _2AGRIS
_n0
_cANA
999 _c202814
_d202814